Southville International School and Colleges
Your cart is empty.
  • Cart
  • Lists
    Public lists Eva Luna New books Lux_list list_1
    Your lists Log in to create your own lists
  • Log in to your account
  • Your cookies
  • Search history
Southville International School and Colleges
  • Advanced search
  • Recent comments
  • Most popular
  • Libraries

Log in to your account

Log in with GOOGLE


If you do not have an external account, but do have a local account, you can still log in:

  1. Home
  2. MARC view: Healthy sexuality : an abstinence-based curriculum for middle schools
Normal view MARC view ISBD view

Healthy sexuality : an abstinence-based curriculum for middle schools (Record no. 6955)

[ view plain ]
MARC details
000 -LEADER
fixed length control field 00729nam a22002297a 4500
003 - CONTROL NUMBER IDENTIFIER
control field OSt
005 - DATE AND TIME OF LATEST TRANSACTION
control field 20140310181920.0
008 - FIXED-LENGTH DATA ELEMENTS--GENERAL INFORMATION
fixed length control field 130718t xxu||||| |||| 00| 0 eng d
050 ## - LIBRARY OF CONGRESS CALL NUMBER
Classification number HQ 21
Item number .M647 1996
082 ## - DEWEY DECIMAL CLASSIFICATION NUMBER
Classification number TR 613.907
Item number M61 1996
100 ## - MAIN ENTRY--PERSONAL NAME
Personal name Miller, Louise
9 (RLIN) 1543
245 ## - TITLE STATEMENT
Title Healthy sexuality : an abstinence-based curriculum for middle schools
Remainder of title
Statement of responsibility, etc Louise Miller
260 ## - PUBLICATION, DISTRIBUTION, ETC. (IMPRINT)
Place of publication, distribution, etc Lakewood, Colorado :
Name of publisher, distributor, etc Rocky Mountain Center for Health Promotion and Education,
Date of publication, distribution, etc c1996.
300 ## - PHYSICAL DESCRIPTION
Extent 58p. ;
Dimensions 28 cm.
521 ## - TARGET AUDIENCE NOTE
Target audience note
541 ## - IMMEDIATE SOURCE OF ACQUISITION NOTE
-- 1
562 ## - COPY AND VERSION IDENTIFICATION NOTE
Number of copies 1
650 ## - SUBJECT ADDED ENTRY--TOPICAL TERM
Source of heading or term Sex education.
650 ## - SUBJECT ADDED ENTRY--TOPICAL TERM
Source of heading or term Sex instruction for youth
650 ## - SUBJECT ADDED ENTRY--TOPICAL TERM
Source of heading or term Sex instruction for youth.
942 ## - ADDED ENTRY ELEMENTS (KOHA)
Source of classification or shelving scheme Library of Congress Classification
Koha item type
Call number prefix
Holdings
Withdrawn status Lost status Source of classification or shelving scheme Damaged status Home library Current library Shelving location Date acquired Total Checkouts Full call number Barcode Date last seen Copy number Price effective from Koha item type
    Library of Congress Classification   Luxembourg Library Luxembourg Library Teachers Reference Section 07/18/2013   HQ 21 .M647 1996 10409 05/25/2015 1 07/18/2013 Books

Healthy sexuality : an abstinence-based curriculum for middle schools

APA

Miller L., . (1996). Healthy sexuality : an abstinence-based curriculum for middle schools. Lakewood, Colorado: Rocky Mountain Center for Health Promotion and Education.

Chicago

Miller Louise, . 1996. Healthy sexuality : an abstinence-based curriculum for middle schools. Lakewood, Colorado: Rocky Mountain Center for Health Promotion and Education.

Harvard

Miller L., . (1996). Healthy sexuality : an abstinence-based curriculum for middle schools. Lakewood, Colorado: Rocky Mountain Center for Health Promotion and Education.

MLA

Miller Louise, . Healthy sexuality : an abstinence-based curriculum for middle schools. Lakewood, Colorado: Rocky Mountain Center for Health Promotion and Education. 1996.

  • Place hold
  • Print
  • Cite
  • Add to your cart (remove)
  • Save record
    BIBTEX Dublin Core MARCXML MARC (non-Unicode/MARC-8) MARC (Unicode/UTF-8) MARC (Unicode/UTF-8, Standard) MODS (XML) RIS
  • More searches
    Search for this title in:
    Other Libraries (WorldCat) Other Databases (Google Scholar) Online Stores (Bookfinder.com) Open Library (openlibrary.org)

Exporting to Dublin Core...

SOUTHVILLE LIBRARY

Southville International School and Colleges Library

1281 Tropical Ave. Cor. Luxembourg St., BF Homes International, Las Pinas City

Tel. No. 8256374 / 252358 Loc. 117/146

Powered by Koha